UBT Library

Introduction to physical anthropology / (Record no. 47204)

000 -LEADER
fixed length control field 00772pam a2200241 a 4500
001 - CONTROL NUMBER
control field 4890212
005 - DATE AND TIME OF LATEST TRANSACTION
control field 20180817041625.0
008 - FIXED-LENGTH DATA ELEMENTS--GENERAL INFORMATION
fixed length control field 931110s1994 mnuab b 001 0 eng
010 ## - LIBRARY OF CONGRESS CONTROL NUMBER
LC control number 93045032
020 ## - INTERNATIONAL STANDARD BOOK NUMBER
International Standard Book Number 0314027785 (soft : recycled, acidfree paper)
040 ## - CATALOGING SOURCE
Original cataloging agency DLC
Transcribing agency DLC
Modifying agency DLC
041 ## - LANGUAGE CODE
Language code of text/sound track or separate title eng
080 ## - UNIVERSAL DECIMAL CLASSIFICATION NUMBER
Universal Decimal Classification number 573
082 00 - DEWEY DECIMAL CLASSIFICATION NUMBER
Classification number 573
Edition number 20
100 1# - Rafti
Rafti 24
101 ## - Shkurtesa
Shkurtesa ant
245 10 - TITLE STATEMENT
Title Introduction to physical anthropology /
Statement of responsibility, etc Robert Jurmain, Harry Nelson.
504 ## - BIBLIOGRAPHY, ETC. NOTE
Bibliography, etc Includes bibliographical references (p. [519]-530) and index.
740 0# - ADDED ENTRY--UNCONTROLLED RELATED/ANALYTICAL TITLE
Uncontrolled related/analytical title Physical anthropology.
906 ## - LOCAL DATA ELEMENT F, LDF (RLIN)
a 7
b cbc
c orignew
d 1
e ocip
f 19
g y-gencatlg
942 ## - ADDED ENTRY ELEMENTS (KOHA)
Source of classification or shelving scheme
Item type Books
Holdings
Withdrawn status Lost status Source of classification or shelving scheme Damaged status Not for loan Collection code Permanent location Current location Shelving location Date acquired Total Checkouts Full call number Barcode Date last seen Price effective from Koha item type
          Koleksioni i përgjithshem UBT - Lipjan UBT - Lipjan Koleksioni i përgjithshem 08/17/2018   573 jur 002-3011509 08/17/2018 08/17/2018 Books
UBT Library © 2015-2024. All rights reserved University Education for Business and Technology